000 01156nam a22002657a 4500
001 77623
003 BD-RjUL
005 20211209083013.0
008 201210s2020 bg a|||| |||| 00| 0 ben d
035 _a(BD-RjUL)77849
040 _aBD-RjUL
_beng
_cBD-RjUL
041 _aeng
082 _223
_a378.198
_bHAL 2020
245 1 0 _aহল পরিচিতি /
_cসম্পাদক, আনন্দ কুমার সাহা; সহযোগী সম্পাদক মো. বনি আদম
260 _aরাজশাহী :
_bরাজশাহী বিশ্ববিদ্যালয়,
_c২০২০
300 _a৭৯ পৃ.:
_bচিত্র;
_c২৫ সেমি.
650 _aহল (ছাত্র/ছাত্রি আবাসন )
_9242489
650 _aHall (Student Accommodation)
_9242497
650 _aStudent housing
_9242500
650 _aআবাসিক সহায়ক (ডরমেটরিজ)
_9242490
650 _aResident assistants (Dormitories)
_9242491
700 _aসাহা, আনন্দ কুমার
_9242501
700 _aআদম, মো. বনি
_9232459
942 _2ddc
_cBK
999 _c77623
_d77623